MARC

LEADER 00000nam0a2200000 4500
001 372829
005 20231102012518.0
035 |a (RuTPU)RU\TPU\retro\30254 
035 |a RU\TPU\book\269904 
090 |a 372829 
100 |a 20221215d1981 k y0rusy50 ca 
101 0 |a rus 
102 |a RU 
105 |a a z 001zy 
200 1 |a Абсолютная и конвективная неустойчивость в плазме и твердых телах  |f А. М. Федорченко, Н. Я. Коцаренко 
210 |a Москва  |c Наука  |d 1981 
215 |a 176 с.  |c ил. 
320 |a Библиогр.: с. 174-176. 
606 1 |a Плазма  |x Неустойчивость  |2 stltpush  |3 (RuTPU)RU\TPU\subj\69489  |9 84339 
606 1 |a Динамика  |2 stltpush  |3 (RuTPU)RU\TPU\subj\69927  |9 84564 
610 1 |a преобразование Лапласа 
610 1 |a применение 
610 1 |a дисперсионные уравнения 
610 1 |a физические системы 
610 1 |a пьезополупроводники 
610 1 |a полупроводники 
610 1 |a электромагнитные волны 
675 |a 533.951  |v 3 
675 |a 531.3  |v 3 
700 1 |a Федорченко  |b А. М.  |g Адольф Михайлович 
701 1 |a Коцаренко  |b Н. Я.  |g Николай Яковлевич 
801 1 |a RU  |b 63413507  |c 20140118 
801 2 |a RU  |b 63413507  |c 20221215  |g RCR 
942 |c BK